[Event "=)"]
[Site "http://www.queenalice.com/game.php?id=389633"]
[Date "2008.4.18"]
[Round "-"]
[White "lucasalex"]
[Black "MariaClara"]
[Result "1-0"]
[WhiteElo "1928"]
[BlackElo "1426"]

1. e4 e5 2. Nf3 Nf6 3. Nxe5 Nxe4 4. d3 Nc6 5. Nxc6 dxc6 6. Qe2 Be6 7. dxe4 Bc5
8. Be3 Bd6 9. g3 O-O 10. c3 c5 11. Bg2 c6 12. Nd2 b5 13. O-O c4 14. b3 a5 15.
bxc4 Qb8 16. cxb5 cxb5 17. Qh5 h6 18. Nf3 b4 19. cxb4 axb4 20. Bh3 Bxa2 21. Bf5
b3 22. Bxh6 gxh6 23. Qxh6 Rd8 24. Bh7+ Kh8 25. Qf6+ Kxh7 26. Ng5+ 1-0

[Event "Challenge"]
[Site "http://www.queenalice.com/game.php?id=1092253"]
[Date "2012.8.11"]
[Round "-"]
[White "LancFred"]
[Black "MariaClara"]
[Result "1-0"]
[WhiteElo "1373"]
[BlackElo "1430"]

1. e3 e6 2. Nc3 d5 3. a3 b6 4. Bd3 Nf6 5. Nf3 Bd6 6. h3 Nc6 7. O-O a6 8. Qe2 Nh5
9. b4 a5 10. Bb5 Bb7 11. g4 Qf6 12. gxh5 axb4 13. Bb2 bxc3 14. Bxc3 Qh6 15. Nd4
Qg5+ 16. Qg4 Qxg4+ 17. hxg4 Kd7 18. a4 e5 19. Nxc6 Bxc6 20. Bxc6+ Kxc6 21. f4 f6
22. g5 Bc5 23. d4 exd4 24. exd4 Bd6 25. a5 b5 26. a6 b4 27. Bb2 fxg5 28. fxg5
Rhe8 29. g6 h6 30. Rf7 Bf8 31. c3 b3 32. a7 Rec8 33. Kf1 Kb6 34. Ke1 Kb5 35. Rf5
c6 36. Kd1 Bd6 37. Kc1 Re8 38. Rf1 c5 39. Kb1 Re4 40. Ba3 Re3 41. Bxc5 Bxc5 42.
dxc5 Kxc5 43. Kb2 d4 44. Kxb3 Rxc3+ 45. Kb2 Kb4 46. Rfd1 Rc4 47. Rdc1 d3 48.
Rxc4+ Kxc4 49. Kc1 Kd4 50. Kd1 Ke3 51. Ra6 Kf3 52. Ra5 Ke3 53. Re5+ Kd4 54. Re7
Rg8 55. Kd2 Kc4 56. Rxg7 Ra8 57. Rc7+ Kd4 58. g7 Ke4 59. Rc6 Rxa7 60. g8=Q Ra2+
61. Qxa2 Kd4 62. Qa4+ Ke5 63. Kxd3 Kf5 64. Rxh6 Kg5 65. Rh8 Kf5 66. h6 Kg6 67.
Qg4+ Kf6 68. h7 Ke5 69. Re8+ Kf6 70. h8=Q+ Kf7 71. Qf8# 1-0

[Event "Challenge"]
[Site "http://www.queenalice.com/game.php?id=1114935"]
[Date "2012.10.22"]
[Round "-"]
[White "gisa2010"]
[Black "MariaClara"]
[Result "0-1"]
[WhiteElo "1339"]
[BlackElo "1501"]

1. e4 e5 2. Qh5 Nf6 3. Qxe5+ Be7 4. Nc3 Nc6 5. Qf4 Nd4 6. Kd1 d6 7. b3 c6 8. a4
d5 9. exd5 cxd5 10. Ba3 Nf5 11. Bb5+ Bd7 12. g4 Nh4 13. h3 Ng2 14. Qg3 d4 15.
Na2 Bxa3 16. Qxg2 O-O 17. Nf3 Bc5 18. b4 Bd6 19. Nxd4 a6 20. Bc4 Rc8 21. d3 g6
22. Qxb7 Bxa4 23. Qxa6 Ra8 24. Qb7 Nd7 25. Re1 Ne5 26. Bd5 Rb8 27. Qa6 Qd7 28.
f4 Bxb4 29. Rxe5 Kg7 30. Rb1 Ra8 31. Bxa8 Qxd4 32. Nxb4 Qg1+ 33. Re1 Qh2 34.
Qxa4 Qxh3 35. Bd5 Qxg4+ 36. Kc1 Qxf4+ 37. Kb2 Rb8 38. Re4 Qg5 39. Qa7 Qf6+ 40.
c3 Rc8 41. Re7 Qxc3+ 42. Ka2 Kh6 43. Rb3 Qd2+ 44. Ka3 Qc1+ 45. Ka4 Qa1+ 46. Ra3
Qd1+ 47. Bb3 Qg4 48. Rxf7 Kh5 49. Rxh7+ Kg5 50. Qe3+ Qf4 51. Qe7+ Qf6 52. Qd7
Ra8+ 53. Kb5 Rb8+ 54. Kc4 Qf4+ 55. Kc3 Qxb4+ 56. Kb2 Qd2+ 57. Ka1 Qc1+ 58. Ka2
Rf8 59. Qe7+ Rf6 60. Ra5+ Kg4 61. Qe4+ Kg3 62. Rg5+ Qxg5 63. Qe1+ Kf4 64. Qe4+
Kg3 65. Qe1+ Rf2+ 66. Ka3 Qc5+ 67. Ka4 Qc6+ 68. Kb4 Qb6+ 69. Kc3 Qa5+ 70. Kc4
Qxe1 71. Kc5 Qc1+ 72. Kd6 Qd2 73. Bc4 Qf4+ 74. Ke6 Re2+ 75. Kd7 Qf5+ 76. Kc7 g5
77. Rd7 Qe5+ 78. Kc6 Rb2 79. Rd5 Qe8+ 80. Rd7 Qc8+ 81. Kd6 Rb6+ 82. Ke7 Qc5+ 83.
Ke8 Qe5+ 84. Re7 Qb8+ 85. Kf7 Qf4+ 86. Ke8 Qf6 87. d4 Qc6+ 88. Kf8 Qxc4 89. Re3+
Kf4 90. Re8 Rf6+ 91. Ke7 Qe6+ 92. Kd8 Qd6+ 93. Kc8 Rf7 94. Rd8 Qc7# 0-1

[Event "Challenge"]
[Site "http://www.queenalice.com/game.php?id=1114936"]
[Date "2012.10.22"]
[Round "-"]
[White "MariaClara"]
[Black "jamesxirb"]
[Result "1-0"]
[WhiteElo "1428"]
[BlackElo "1472"]

1. e4 e5 2. Nc3 c6 3. Nf3 f6 4. d4 Qa5 5. Be3 c5 6. dxe5 Qb6 7. exf6 Qxb2 8. Na4
Qb4+ 9. c3 Qa5 10. Bc4 Nxf6 11. e5 Ne4 12. O-O b5 13. Bd5 bxa4 14. Bxe4 Nc6 15.
e6 g6 16. Ng5 Rb8 17. Nf7 Qxc3 18. Nd6+ Kd8 19. Bxc6 Qe5 20. Nf7+ Ke8 21. Nxe5
dxc6 22. Qxa4 Bxe6 23. Qxc6+ Ke7 24. Bxc5+ Kf6 25. Nd7+ Kg7 26. Bd4+ Kh6 27.
Nxb8 Bg7 28. Be3+ g5 29. Qxe6+ Kh5 30. Qf5 h6 31. f4 Rf8 32. g4+ Kh4 33. Bf2+
Kh3 34. Qd3+ Kxg4 35. fxg5 Rf3 36. Qe4+ Rf4 37. h3+ Kxh3 38. Qxf4 hxg5 39. Qg3#
1-0

[Event "Challenge"]
[Site "http://www.queenalice.com/game.php?id=1115523"]
[Date "2012.10.23"]
[Round "-"]
[White "MariaClara"]
[Black "LancFred"]
[Result "1-0"]
[WhiteElo "1412"]
[BlackElo "1407"]

1. e4 Nf6 2. Nc3 d5 3. Qf3 e6 4. Nh3 a6 5. e5 Nfd7 6. Ng5 f6 7. exf6 gxf6 8.
Qh5+ Ke7 9. Qf7+ Kd6 10. Qxe6+ Kc5 11. Na4+ 1-0

[Event "Challenge"]
[Site "http://www.queenalice.com/game.php?id=1116516"]
[Date "2012.10.27"]
[Round "-"]
[White "dourado86"]
[Black "MariaClara"]
[Result "0-1"]
[WhiteElo "1389"]
[BlackElo "1483"]

1. e4 e5 2. Nf3 Nc6 3. Bb5 a6 4. Bxc6 dxc6 5. Nxe5 Nh6 6. O-O Be6 7. d4 Qf6 8.
Nf3 Ng4 9. Bg5 Qg6 10. Qd2 h6 11. Nh4 Qxe4 12. Nc3 Bb4 13. f3 Bxc3 14. bxc3 Qd5
15. Be3 Nxe3 16. Qxe3 g5 17. c4 Qxc4 18. Ng6 fxg6 19. Rad1 O-O 20. Qe4 Bf5 21.
Qe5 Bxc2 22. Rc1 Rae8 23. Qg3 Qxd4+ 24. Kh1 Bd3 25. Rfd1 Rf4 26. h3 c5 27. Rd2
b6 28. Qh2 h5 29. g3 Rxf3 30. Qg2 Ref8 31. Qg1 Qd6 32. Rc4 Rxg3 33. Rg2 Rxh3+
34. Rh2 Qd5+ 35. Qg2 Rf1# 0-1

[Event "Challenge"]
[Site "http://www.queenalice.com/game.php?id=1122159"]
[Date "2012.11.14"]
[Round "-"]
[White "jdimas"]
[Black "MariaClara"]
[Result "0-1"]
[WhiteElo "1691"]
[BlackElo "1448"]

1. d4 d5 2. e3 Nf6 3. c4 c6 4. c5 e6 5. h3 b6 6. b4 b5 7. a4 a6 8. axb5 cxb5 9.
Bxb5+ Bd7 10. Qa4 Bxb5 11. Qd1 Ne4 12. Nd2 Nxf2 13. Kxf2 Nd7 14. Ngf3 Nf6 15.
Ne5 g6 16. Nb3 Nh5 17. Qf3 f5 18. g4 Nf6 19. Na5 Ne4+ 20. Kg1 Rc8 21. gxf5 Qg5+
22. Kh2 exf5 23. Rg1 Qf6 24. Ng4 fxg4 25. Qxf6 Nxf6 26. hxg4 Ne4 27. Bb2 Be7 28.
Rg2 O-O 29. Rh1 Rf3 30. Nb7 Rc6 31. Bc1 Ba4 32. Bd2 Nxd2 33. Rxd2 Rxe3 34. Rf2
Re4 35. Rhf1 Rxd4 36. g5 Rxb4 37. Nd6 Rb8 38. Nf7 Rxc5 39. Re1 Rb7 40. Re6 a5
41. Ra6 Rb8 42. Ra7 Kf8 43. Nd6+ Kg8 44. Rxe7 Rc2 45. Kg3 Rb3+ 46. Rf3 Rxf3+ 47.
Kxf3 d4 48. Ra7 Bc6+ 49. Kf4 a4 50. Rc7 Rf2+ 51. Ke5 d3 52. Rxc6 Re2+ 53. Kf6
Rf2+ 54. Ke5 d2 55. Rc2 d1=Q 56. Rxf2 Qe1+ 57. Ne4 Qa5+ 58. Kf4 a3 59. Nf6+ Kh8
60. Rc2 Qa4+ 61. Ke5 Qxc2 62. Ke6 a2 63. Kf7 a1=Q 0-1

[Event "Challenge"]
[Site "http://www.queenalice.com/game.php?id=1123595"]
[Date "2012.11.18"]
[Round "-"]
[White "MariaClara"]
[Black "vickfa"]
[Result "1-0"]
[WhiteElo "1474"]
[BlackElo "1310"]

1. e4 c5 2. Nf3 Nc6 3. a4 g6 4. Bc4 e6 5. c3 Nh6 6. d4 cxd4 7. cxd4 a6 8. e5 b5
9. axb5 axb5 10. Rxa8 Bg7 11. Bxb5 Nb4 12. Nc3 Nd5 13. Ne4 Nb4 14. Nd6+ Ke7 15.
Nxc8+ Ke8 16. Nd6+ Ke7 17. Rxd8 Kxd8 18. Ng5 Na2 19. Qa4 f6 20. Ngf7+ Ke7 21.
Nxh8 Bxh8 22. Qa7 fxe5 23. Qxd7+ Kf6 24. Ne8+ Kf5 25. Bd3+ Kg4 26. Qxe6+ Kh4 27.
Qh3# 1-0

[Event "Challenge"]
[Site "http://www.queenalice.com/game.php?id=1124937"]
[Date "2012.11.22"]
[Round "-"]
[White "andrepalmerense"]
[Black "MariaClara"]
[Result "0-1"]
[WhiteElo "1253"]
[BlackElo "1495"]

1. e4 e5 2. Bc4 Nf6 3. Nf3 d5 4. exd5 h6 5. Nxe5 Qe7 6. Qe2 Bf5 7. d3 Na6 8.
Bxa6 bxa6 9. Nc3 c5 10. O-O Rd8 11. Nc6 Qxe2 12. Nxe2 Rxd5 13. Nxa7 Bd6 14. Nc3
Rd4 15. Nc8 Be5 0-1